[Event "Sabadell Coral Colon op 6th"]
[Site "Sabadell"]
[Date "2012.04.04"]
[Round "9"]
[White "Campos Cayuela, Teotista"]
[Black "Lliberia Blasco, Josep Lluis"]
[Result "1-0"]
[WhiteElo "1941"]
[BlackElo "1601"]
[PlyCount "81"]
[EventDate "2012.02.10"]
[EventType "swiss"]
[EventRounds "9"]
[EventCountry "ESP"]
[SourceTitle "EXT 2014"]
[Source "ChessBase"]
[SourceDate "2013.11.20"]
[SourceVersion "1"]
[SourceVersionDate "2013.11.20"]
[SourceQuality "1"]

1. d4 d5 2. Nc3 Nf6 3. Bg5 e6 4. e4 Bb4 5. e5 h6 6. Bc1 Nfd7 7. Qg4 Bf8 8. f4 h5 9. Qg3 g6 10. Bd3 Nb6 11. Nf3 Nc6 12. a3 Ne7 13. Ng5 Nf5 14. Bxf5 gxf5 15. h4 c5 16. Be3 Nc4 17. 0-0 Nxe3 18. Qxe3 cxd4 19. Qxd4 Bd7 20. Rf3 b6 21. b4 Rc8 22. Nxd5 exd5 23. e6 Rh6 24. Nxf7 Qf6 25. exd7+ Kxd7 26. Ne5+ Kd6 27. Rd1 Qe6 28. c4 Bg7 29. cxd5 Bxe5 30. fxe5+ Qxe5 31. Qd2 Rg6 32. Re3 Qg7 33. Re6+ Kd7 34. Rde1 Rg8 35. Rxg6 Qxg6 36. Qe2 Rg7 37. Qb5+ Kc7 38. Rc1+ Kb8 39. Qe2 Qd6 40. Qe8+ Kb7 41. Qc8# 1-0

[Event "Sabadell Coral Colon op 5th"]
[Site "Sabadell"]
[Date "2011.03.25"]
[Round "8"]
[White "Villa Cardenas, Jorge"]
[Black "Campos Cayuela, Teotista"]
[Result "0-1"]
[WhiteElo "1547"]
[BlackElo "1925"]
[PlyCount "54"]
[EventDate "2011.02.04"]
[EventType "swiss"]
[EventRounds "9"]
[EventCountry "ESP"]
[SourceTitle "EXT 2013"]
[Source "ChessBase"]
[SourceDate "2012.11.22"]
[SourceVersion "1"]
[SourceVersionDate "2012.11.22"]
[SourceQuality "1"]

1. c4 e5 2. Nc3 Nc6 3. Nf3 Nf6 4. e4 Bc5 5. d3 Ng4 6. Be3 Bxe3 7. fxe3 Nxe3 8. Qe2 Nxf1 9. Rxf1 0-0 10. Qd2 d6 11. 0-0-0 Bg4 12. h3 Bxf3 13. Rxf3 Nd4 14. Rg3 f6 15. Qh6 g6 16. h4 Qe7 17. Rg4 Qg7 18. Qe3 f5 19. exf5 Rxf5 20. Ne4 Qf8 21. Ng3 Rf2 22. Kb1 Rxg2 23. Rf1 Rxg3 24. Rxf8+ Rxf8 25. Rxg3 Rf1+ 26. Qc1 Rxc1+ 27. Kxc1 Ne2+ 0-1

[Event "Sabadell Coral Colon op 5th"]
[Site "Sabadell"]
[Date "2011.02.04"]
[Round "1"]
[White "Campos Cayuela, Teotista"]
[Black "Farell Duran, Josep"]
[Result "1-0"]
[WhiteElo "1925"]
[BlackElo "1565"]
[PlyCount "127"]
[EventDate "2011.02.04"]
[EventType "swiss"]
[EventRounds "9"]
[EventCountry "ESP"]
[SourceTitle "EXT 2013"]
[Source "ChessBase"]
[SourceDate "2012.11.22"]
[SourceVersion "1"]
[SourceVersionDate "2012.11.22"]
[SourceQuality "1"]

1. d4 Nf6 2. Nc3 e6 3. e4 c6 4. Bd3 Be7 5. e5 Nd5 6. Nxd5 cxd5 7. Qg4 Bf8 8. Nf3 h6 9. 0-0 Nc6 10. c3 a6 11. Nh4 g5 12. Nf3 d6 13. Qh5 Bg7 14. exd6 Qxd6 15. h4 gxh4 16. Qxh4 Qe7 17. Qg3 Bf6 18. Bf4 Qf8 19. Rfe1 h5 20. Ne5 h4 21. Qf3 Qg7 22. Ng4 Bg5 23. Bxg5 Qxg5 24. Nf6+ Kd8 25. Ng4 h3 26. Qf6+ Qxf6 27. Nxf6 Kc7 28. g4 Bd7 29. Kh2 Rh6 30. g5 Rh4 31. Re3 Rah8 32. Rg1 Ne7 33. Rgg3 Bc8 34. Rxh3 Rxh3+ 35. Rxh3 Rxh3+ 36. Kxh3 e5+ 37. Kg3 Nf5+ 38. Bxf5 Bxf5 39. Nxd5+ Kd6 40. Ne3 Be6 41. dxe5+ Kxe5 42. f4+ Ke4 43. Ng4 Bxa2 44. Nf6+ Kf5 45. Ne8 b5 46. Nc7 f6 47. gxf6 Kxf6 48. Nxa6 Bc4 49. Nc5 Kf5 50. Nd7 Bd5 51. Ne5 Be6 52. Nf3 Bc4 53. Nd4+ Kf6 54. Kf3 Bd3 55. Ke3 Bc4 56. Ke4 Bf1 57. Kd5 Bd3 58. Kc5 Bf1 59. Nxb5 Kf5 60. Nd4+ Kxf4 61. b4 Bh3 62. b5 Bc8 63. Kc6 Ke5 64. Kc7 1-0

[Event "Llinars del Valles op-A 4th"]
[Site "Llinars del Valles"]
[Date "2010.05.01"]
[Round "4"]
[White "Campos Cayuelas, Adria"]
[Black "Campos Cayuela, Teotista"]
[Result "1/2-1/2"]
[WhiteElo "1871"]
[BlackElo "2018"]
[PlyCount "46"]
[EventDate "2010.04.10"]
[EventType "swiss"]
[EventRounds "7"]
[EventCountry "ESP"]
[SourceTitle "EXT 2012"]
[Source "ChessBase"]
[SourceDate "2011.11.24"]
[SourceVersion "1"]
[SourceVersionDate "2011.11.24"]
[SourceQuality "1"]

1. e4 e5 2. Nf3 Qe7 3. Nc3 c6 4. Bc4 d6 5. h3 Be6 6. Bxe6 Qxe6 7. 0-0 Be7 8. d4 Nf6 9. dxe5 dxe5 10. Bg5 Nbd7 11. Qe2 h6 12. Bh4 0-0 13. a3 Nh5 14. Bxe7 Nf4 15. Qe3 Qxe7 16. Rad1 Nb6 17. b3 Rad8 18. Ne2 Rxd1 19. Rxd1 Nxe2+ 20. Qxe2 f6 21. a4 Rd8 22. Rxd8+ Qxd8 23. Qd2 Qxd2 1/2-1/2

[Event "Barcelona Rubi op 3rd"]
[Site "Barcelona"]
[Date "2002.04.27"]
[Round "1"]
[White "Campos Cayuela, Teotista"]
[Black "Fernandez Cazorla, Antonio"]
[Result "0-1"]
[WhiteElo "2075"]
[BlackElo "2275"]
[PlyCount "44"]
[EventDate "2002.04.27"]
[EventType "swiss"]
[EventRounds "9"]
[EventCountry "ESP"]
[SourceTitle "CBM 088 Extra"]
[Source "ChessBase"]
[SourceDate "2002.07.01"]
[SourceVersion "2"]
[SourceVersionDate "2002.07.01"]
[SourceQuality "1"]

1. d4 d5 2. Nc3 Nf6 3. Bg5 e6 4. e4 dxe4 5. Nxe4 Be7 6. Bxf6 gxf6 7. Nf3 Bd7 8. Qd2 Bc6 9. Qf4 f5 10. Ng3 Bxf3 11. Qxf3 Qxd4 12. Qxb7 Bb4+ 13. c3 Bxc3+ 14. bxc3 Qxc3+ 15. Ke2 Qxa1 16. Qxa8 0-0 17. Qxa7 Rd8 18. Kf3 Nc6 19. Qe3 Ne5+ 20. Kf4 Ng6+ 21. Kf3 Nh4+ 22. Kf4 Qg7 0-1